00902 a2200253 45000010006000000050017000060080041000230030015000640400040000790800031001192450035001500200022001852640033002073000017002405050198002570410008004551000031004637000024004947000031005187000019005497000031005687000024005997000025006236198320260407155912.0260407a1982 arg spa dAR-UNSa-BCEJYS aAR-UNSa-BCEJYSbspacAR-UNSa-BCEJYS a349.2xDerecho del Trabajo10aTratado de derecho del trabajo a978-950-00-8010-1 1aBuenos Aires :bAstreac1982 a5 v.c23 cm. aTomo I: Capítulos I a III -- Tomo II: Capítulos IV a VII -- Tomo III: Capítulos VIII a XI --Tomo IV: Capítulos XII a XVII -- Tomo V: Capítulos XVIII a XXII -- Tomo VI: Capítulo XXII aspa1 aVázquez Vialard, Antonio1 aPodetti, Humbero A.1 aRodríguez Mancini, Jorge1 aLópez, Justo1 aSagüés, Néstor Pedro1 aFermé, Eduardo L.1 aRainolter, Milton A.